00470nam a2200169Ia 4500003000400000005001700004008004100021040001000062082001400072100001500086245003000101260001800131600002000149942001200169952010200181999001700283OSt20260518152151.0241002s9999 xx 000 0 und d cAACR2 a362.5 MAR aMarx, Karl 4aThe Poverty of Philosophy aMoscow:c1966 aSocial Sciences cUC2ddc 00102ddc4070aUITUbUITUd1994-01-01l0o362.5 MARpUC359r2024-10-02 09:31:18w2024-10-02yUC c18686d18686